| 000 | 00425pab a2200169 454500 | ||
|---|---|---|---|
| 008 | 180718b2013 xxu||||| |||| 00| 0 eng d | ||
| 100 | _aGarikipati, Ram | ||
| 245 | _aChallenges before the South Korea's new President | ||
| 260 | _c2013 | ||
| 300 | _ap.25-27. | ||
| 362 | _a9 Mar | ||
| 650 | _aSouth Korea. President | ||
| 650 | _aPresidents | ||
| 773 | _aEconomic and Political Weekly | ||
| 908 | _aN | ||
| 909 | _a98521 | ||
| 999 |
_c98520 _d98520 |
||